000 00789nam a2200229 a 4500
001 71443
003 BD-RjUL
005 20211209082119.0
008 170502s1976 bg ||||| |||| 00| j ben d
020 _c: Tk. 10.00
035 _a(BD-RjUL)71659
040 _aBD-RjUL
_beng
_cBD-RjUL
041 _aeng
082 _a891.443
_bCHA 1976
_223
100 1 _aচৌধুরী, মাফরুহা
_9117635
245 1 0 _aঅরণ্যপাখা ও অন্যান্য গল্প /
_cমাফরুহা চৌধুরী
260 _aঢাকা :
_bমুক্তধারা,
_c১৯৭৬
300 _a১৪৮ পৃ. ;
_c১৯ সেমি.
650 _aবাংলা উপন্যাস
_9211240
650 _aBengali fiction
_9211241
942 _2ddc
_cBK
_03
999 _c71443
_d71443